| 000 | 00552nam a22001817a 4500 | ||
|---|---|---|---|
| 999 |
_c8694 _d8694 |
||
| 003 | OSt | ||
| 005 | 20210730094957.0 | ||
| 008 | 160413b xxu||||| |||| 00| 0 eng d | ||
| 020 | _a9788170005940 | ||
| 040 |
_aMMU _beng _cMMU _dMMU |
||
| 050 | _aZ699.355 .U6P57 1997 | ||
| 245 |
_aPlanning and implementing technical services workstations/ _cedited by Michael Kaplan. |
||
| 260 |
_aNew Delhi : _bEss Ess, _c2010. |
||
| 300 | _axviii, 237 p. : | ||
| 500 | _aIncludes bibliography and index | ||
| 650 | _aPlanning workstations | ||
| 942 |
_2lcc _cLOAN LOAN |
||